00428nam a2200145Ia 4500008004100000020001800041041000800059082001700067100002400084245007400108260002900182300003100211365001600242700002400258230718s9999 xx 000 0 und d a9788131600337 aeng a658.477bSIN aSingh R.B. (Editor) aNatural Hazards And Disaster ManagementbVulnerability And Mitigation c2013bRawat Publications a352dRef 1571 E ME (48025) cRs.b975.00 aSingh R.B. (Editor)